000 00406pab a2200133 454500
008 180718b2001 xxu||||| |||| 00| 0 eng d
100 _aMatthews, Mary M.
245 _aInstitutions, interests, energy, and the environment: policy making in Corporatism, pluralism and beyond
260 _c2001
300 _ap.407-13
650 _aEnvironmental policy
773 _aPolicy Studies Journal
909 _a51645
999 _c51645
_d51645